| 000 | 00433pab a2200157 454500 | ||
|---|---|---|---|
| 008 | 180718b2017 xxu||||| |||| 00| 0 eng d | ||
| 100 | _aGreiner, Clemens | ||
| 245 | _aPastoralism and land-tenure change in Kenya: the failure of customary institutions | ||
| 260 | _c2017 | ||
| 300 | _ap.78-97. | ||
| 362 | _aJan | ||
| 650 | _aLand tenure - Kenya | ||
| 650 | _aLand tenure | ||
| 773 | _aDevelopment and Change | ||
| 909 | _a115151 | ||
| 999 |
_c115145 _d115145 |
||